Statistiken für Häufigste Straßennamen Deutschlands

Klicken Sie hier um das Quiz zu spielen!

Allgemein

  • Dieses Quiz wurde 534 mal gespielt
  • Das Durchschnittsergebnis liegt bei 8 aus 35

Antwortstatistiken

RangStraßennameAnzahl% Korrekt
1Hauptstraße6.114
88%
4Bahnhofstraße4.274
63%
12Schillerstraße2.163
44%
5Dorfstraße4.002
40%
14Goethestraße2.053
40%
9Kirchstraße2.710
40%
32Kirchweg1.442
40%
6Bergstraße3.870
34%
2Schulstraße4.914
29%
10Waldstraße2.667
28%
8Lindenstraße2.989
27%
29Lindenweg1.541
27%
33Bachstraße1.429
25%
21Eichenweg1.775
23%
16Buchenweg1.923
22%
7Birkenweg3.120
21%
35Mozartstraße1.420
19%
23Feldstraße1.681
18%
3Gartenstraße4.625
16%
30Tannenweg1.511
15%
19Ahornweg1.809
13%
28Blumenstraße1.544
13%
25Rosenstraße1.635
13%
27Friedhofstraße1.586
12%
11Ringstraße2.528
10%
13Amselweg2.117
9%
18Wiesenstraße1.825
9%
15Wiesenweg2.001
9%
26Erlenweg1.603
8%
20Finkenweg1.777
7%
24Mühlenweg1.667
7%
31Brunnenstraße1.495
5%
17Jahnstraße1.856
4%
22Am Sportplatz1.669
3%
34Raiffeisenstraße1.424
2%

Verteilung der Resultate

Perzentil nach korrekt beantworteten Fragen

Anzahl Personen mit jedem Resultat

Ihre Resultats-Entwicklung

Sie haben dieses Quiz noch nicht gespielt